000
00288 a2200145 4500
001
178654
020
_a
040
_c
Magnum
100
_a
-
240
1
0
_a
Mula sem cabeca
_l
por
245
1
0
_a
Mula sem cabeca
362
0
_a
1899
697
_a
MAGNITO: I/LENDAS, FOLCLORE
942
_c
BK
999
_c
178654
_d
178654